• 首页
  • 本馆介绍
  • 公告通知
  • 最新文献
  • 馆藏检索
  • 电子资源
  • 读者导购
  • 参考咨询
  • 我的图书馆
  • 登录
  • 详细信息显示
  • 放入我的书架
  • 预约/预借图书
  • 作者相关作品
  • 分类相关作品
  • 丛书相关作品
  • 出版社相关作品

书目信息

  • 表格格式
  • 工作单格式
  • 卡片格式
题名:
城市的理性
    
 
作者: 马道明 著
分册:  
出版信息: 南京   东南大学出版社  2008
页数: 13,254页
开本: 24cm
丛书名: 都市社会空间丛书
单 册:
中图分类: X321.253.3 , X21
科图分类:
主题词: 城市环境--生态环境--环境规划--研究--常州市 , 城市环境 , 生态环境 , 环境 , 环境系统
电子资源:
ISBN: 978-7-5641-0916-5
000 01201oam2 2200325 450
001 1533069808
005 20150131091134.06
010    @a978-7-5641-0916-5@dCNY29.00
100    @a20080415d2008 em y0chiy50 ea
101 0  @achi
102    @aCN@b320000
105    @aab z 000yy
200 1  @a城市的理性@9cheng shi de li xing@e生态城市调控@f马道明著
210    @a南京@c东南大学出版社@d2008
215    @a13,254页@c图,地图@d24cm
225 2  @a都市社会空间丛书
300    @a国家“985”工程:南京大学“城市化与城市科学平台项目”
330    @a本书提出了城市经济生态化、城市人居生态化、城市交通生态化、城市环境生态化和城市社会生态化“五位一体”的生态城市系统调控理念,以及“五位一体”生态城市创建标准和评价指标体系,并构建了以城市空间的结构生态化和城市功能生态化为核心的生态城市规划建设框架。
461  0 @12001 @a都市社会空间丛书
517 1  @a生态城市调控@9sheng tai cheng shi tiao kong
606 0  @a城市环境@x生态环境@x环境规划@x研究@y常州市
606 0  @a城市环境
606 0  @a生态环境
606 0  @a环境
606 0  @a环境系统
690    @aX321.253.3@v5
690    @aX21@v4
701  0 @a马道明@9ma dao ming@f(1969~)@4著
801  0 @aCN@bTSSF@c20150131
905    @aZUCC@dX21@eJY34
    
    城市的理性:生态城市调控/马道明著.-南京:东南大学出版社,2008
    13,254页:图,地图;24cm.-(都市社会空间丛书)
    国家“985”工程:南京大学“城市化与城市科学平台项目”
    
    ISBN 978-7-5641-0916-5:CNY29.00
    本书提出了城市经济生态化、城市人居生态化、城市交通生态化、城市环境生态化和城市社会生态化“五位一体”的生态城市系统调控理念,以及“五位一体”生态城市创建标准和评价指标体系,并构建了以城市空间的结构生态化和城市功能生态化为核心的生态城市规划建设框架。
●
相关链接 在E读中查询图书 在五车中查询图书 在当当中查询图书 在豆瓣中查询图书


正题名:城市的理性     索取号:X21/JY34         预约/预借

序号 登录号 条形码 馆藏地/架位号 状态 备注
1 7862573   278625739   学院路分馆/ [索取号:X21/JY34] 在馆    
2 7862574   278625748   学院路分馆/ [索取号:X21/JY34] 在馆    
唐山师范学院图书馆 欢迎您!
大连网信软件有限公司© 版权所有